[Event "Open"]
[Site "Winterthur SUI"]
[Date "2006.10.10"]
[Round "5"]
[White "Miezis,N"]
[Black "Haba,P"]
[Result "0-1"]
[WhiteElo "2529"]
[BlackElo "2526"]

1.c4 c6 2.e4 d5 3.exd5 cxd5 4.cxd5 Nf6 5.Nc3 Nxd5 6.Nf3 e6 7.d4 Bb4 8.Bd2 Nc6
9.Bd3 Be7 10.O-O O-O 11.Rc1 Nxc3 12.bxc3 b6 13.Re1 Bb7 14.h4 Bf6 15.Ng5 g6
16.Qg4 h5 17.Qh3 e5 18.Qg3 Bg7 19.Be4 Na5 20.Rcd1 exd4 21.cxd4 Bxe4 22.Nxe4 Qd5
23.Bg5 Rfe8 24.Qf3 Kh8 25.Qf4 Nc6 26.Bf6 Kg8 27.Bxg7 Kxg7 28.Qf6+ Kg8 29.Qg5 Qxg5
30.hxg5 Kf8 31.d5 Nd8 32.Nf6 Rxe1+ 33.Rxe1 Nb7 34.Rc1 Nc5 35.Re1 Rd8 36.f4 Nd7
37.Ne4 Re8 38.Kf2 Nc5 39.Nxc5 Rxe1 40.Kxe1 bxc5 41.Kd2 Ke7 42.Kd3 Kd6 43.Ke4 h4
44.a4 a5 45.f5 gxf5+ 46.Kxf5 c4 47.Ke4 c3 48.Kd3 Kxd5 49.Kxc3 Ke4 50.Kd2 Kf5
51.Ke3 Kxg5 52.Kf3 Kf5  0-1

[Event "22nd ECU Club Cup"]
[Site "Feugen AUT"]
[Date "2006.10.12"]
[Round "5"]
[White "Gunnarsson,Arn"]
[Black "Volkmann,F"]
[Result "1-0"]
[WhiteElo "2430"]
[BlackElo "2416"]

1.c4 c6 2.b3 d5 3.Bb2 Bg4 4.g3 e6 5.Bg2 Nf6 6.Nf3 Nbd7 7.Na3 Bd6 8.Nc2 O-O
9.O-O b5 10.Ne3 Bh5 11.Qc1 a5 12.d4 a4 13.c5 Bc7 14.b4 Ne4 15.Re1 f5 16.Ne5 a3
17.Bxa3 Nxe5 18.dxe5 Bxe5 19.Bb2 Qf6 20.Bxe5 Qxe5 21.Nd1 f4 22.f3 Nd2 23.Qxd2 Qxa1
24.Nc3 Qxe1+ 25.Qxe1 d4 26.Ne4 Rxa2 27.gxf4 Rfa8 28.Bf1 Bg6 29.Qd1 Rd8 30.Qb3 Ra1
31.Nd6 Kf8 32.Kf2 Bf5 33.Qb2 Rd1 34.Qa2 Kg8 35.Nxf5  1-0

[Event "22nd ECU Club Cup"]
[Site "Feugen AUT"]
[Date "2006.10.12"]
[Round "5"]
[White "Roiz,M"]
[Black "Hochstrasser,M"]
[Result "1/2-1/2"]
[WhiteElo "2611"]
[BlackElo "2363"]

1.c4 c6 2.Nf3 d5 3.e3 Nf6 4.Nc3 Bg4 5.h3 Bxf3 6.Qxf3 e6 7.d4 Nbd7 8.Bd2 Be7
9.g4 Bb4 10.O-O-O Nb6 11.c5 Nbd7 12.Bd3 e5 13.Bc2 e4 14.Qe2 Bxc3 15.Bxc3 O-O
16.Rhg1 Qe7 17.g5 Ne8 18.f3 f5 19.gxf6 Nexf6 20.f4 Kh8 21.Rg5 Rf7 22.Rdg1 Ng8
23.Bd1 Nh6 24.Qe1 Nf5 25.Bh5 g6 26.Bd1 Nf8 27.h4 Ne6 28.R5g4 Neg7 29.Rh1 Nh5
30.Rg5 Nfg7 31.b4 a6 32.a4 Rf5 33.Bg4 Rxg5 34.hxg5 Qf7 35.Rh3 Kg8 36.Kb2 Rf8
37.Qh1 Rc8 38.Be2 Ra8 39.Qd1 Qd7 40.Bg4 Qf7 41.Bd2 Rf8 42.Qb3 Nf5 43.Rh1 Ra8
44.Ra1 Nhg7 45.b5 axb5 46.axb5 Qe8 47.Ra4 Ne6 48.Rb4 Qc8 49.Be2 Nd8 50.Ra4 Rxa4
51.Qxa4 Qb8 52.Qa5 Kf7 53.Qb6 Qc8 54.Bd1 Ne7 55.Ba5 Ne6 56.Qa7 Ng7 57.Bd2 Qh3
58.Qxb7 Qf1 59.Bc2 Qe2 60.bxc6 Ne6 61.Be1 Nd8 62.Qb3 Ndxc6 63.Qc3 Qb5+ 64.Qb3 Qe2
65.Kb1 Na5 66.Qb6 Nac6 67.Ba4 Qd3+ 68.Bc2 Qc3 69.Qb3 Qxb3+ 70.Bxb3 Ke8 71.Kc2 Kd7
72.Kc3 Kc8 73.Bc2 Kb7 74.Kb3 Nf5 75.Ka4 Nfe7 76.Bd1 Ka6 77.Be2+ Kb7 78.Bg4 Nf5
79.Bh3 Ka6 80.Kb3 Kb7 81.Kc2 Kc8 82.Bf1 Kb7 83.Kd1 Kc8 84.Bh3 Kd7 85.Ke2 Ke6
86.Kf2 Ke7 87.Bg4 Ke6 88.Kg1 Ne7 89.Ba5 Kd7 90.Kf2 Nc6 91.Bb6 Ke6 92.Bd1 Kd7
93.Ba4 Ne7 94.Bb5 Nf5 95.Bd8 Ng7 96.Be7 Nf5 97.Bf6 Kc7 98.Be5+ Kd7 99.Ba4 Ne7
100.Bg7 Nf5 101.Bf8 Nh4 102.Bd6 Nf5 103.Bb8 Nh4 104.f5 Nxf5 105.Be5 Ne7 106.Kg3 Nf5+
107.Kf4 Nh4 108.Kg4 Nf5 109.Bf4 Ng7 110.Bh2 Nf5 111.Kf4 Ne7 112.Bd1 Nf5 113.Bg1 Ke6
114.Bf2 Nb4 115.Kg4 Nc6 116.Ba4 Kd7 117.Kf4 Ne7 118.Bd1 Nf5 119.Bg4 Ke6 120.Be1 Nd8
121.Bd2 Nc6 122.Be1 Nd8 123.Bd2  1/2-1/2

[Event "FSIM October"]
[Site "Budapest HUN"]
[Date "2006.10.14"]
[Round "8"]
[White "Farago,S"]
[Black "Brustkern,J"]
[Result "1/2-1/2"]
[WhiteElo "2275"]
[BlackElo "2207"]

1.c4 c6 2.d4 d5 3.Nc3 Nf6 4.Nf3 dxc4 5.a4 Bf5 6.e3 e6 7.Bxc4 Bb4 8.O-O Nbd7
9.Qe2 Bg6 10.e4 O-O 11.Bd3 Bh5 12.e5 Nd5 13.Nxd5 cxd5 14.Qe3 Bg6 15.Bxg6 fxg6
16.Ng5 Re8 17.Qh3 Nf8 18.Qb3  1/2-1/2

[Event "32nd Guernsey Chess Festival"]
[Site "Grand Harve Bay GCI"]
[Date "2006.10.15"]
[Round "1"]
[White "Pinheiro,J"]
[Black "Dijksterhuis,R"]
[Result "1-0"]
[WhiteElo "2336"]
[BlackElo "2049"]

1.c4 c6 2.Nf3 Nf6 3.g3 d5 4.Qc2 e6 5.Bg2 Nbd7 6.O-O Be7 7.b3 O-O 8.Bb2 b6
9.d4 Bb7 10.Nc3 Rc8 11.e4 dxe4 12.Nxe4 c5 13.Nxf6+ Nxf6 14.dxc5 Be4 15.Qc3 Bxc5
16.Rfe1 Bg6 17.b4 Be7 18.Ne5 Nd5 19.Bxd5 exd5 20.Nxg6 Bf6 21.Ne7+ Qxe7 22.Rxe7 Bxc3
23.Bxc3 Rxc4 24.Be1  1-0

[Event "32nd Guernsey Chess Festival"]
[Site "Grand Harve Bay GCI"]
[Date "2006.10.21"]
[Round "7"]
[White "Downey,K GCI"]
[Black "Von Saldern,R"]
[Result "1/2-1/2"]
[WhiteElo "1872"]
[BlackElo "2090"]

1.c4 c6 2.Nf3 Nf6 3.Nc3 e6 4.d4 d5 5.cxd5 exd5 6.Bg5 Be7 7.Qc2 O-O 8.e3 Nbd7
9.Bd3 Re8 10.O-O Nf8 11.Bxf6 Bxf6 12.h3 Be6 13.b4 Qe7 14.Rab1 Rec8 15.Rfc1 a6
16.Qb3 Qd8 17.Na4 Nd7 18.Nc5 Nxc5 19.bxc5 Rc7 20.Qa4 Qe7 21.Rb2 Re8 22.Rcb1 Bc8
23.Re2 Qd8 24.Reb2 g6 25.Qa5 Qd7 26.Qd2 Bg7 27.Re1 f5 28.Bf1 Bf6 29.Nh2 Qg7
30.f4 Rce7 31.Nf3  1/2-1/2

[Event "TCh-FIN 2006-7"]
[Site "Helsinki FIN"]
[Date "2006.10.21"]
[Round "3"]
[White "Makinen,I"]
[Black "Toikka,J"]
[Result "1/2-1/2"]
[WhiteElo "2133"]
[BlackElo "2084"]

1.c4 c6 2.d4 d5 3.e3 Nf6 4.Nf3 Bg4 5.Nbd2 e6 6.Qb3 Qb6 7.Ne5 Bh5 8.Bd3 Nbd7
9.f4 Be7 10.O-O O-O 11.Qc2 Bg6 12.Nxg6 hxg6 13.Nf3 dxc4 14.Bxc4 c5 15.Qb3 cxd4
16.Nxd4 Bc5 17.Qxb6 Nxb6 18.Be2 Rfd8 19.Nb3 Be7 20.Bf3 Rd7 21.Na5 Nfd5 22.a3 Bc5
23.Re1 Rad8 24.b4 Be7 25.Bb2 Bf6 26.Bxf6 gxf6 27.Rac1 Kf8 28.g3 f5 29.Kf2 Na4
30.Rc2 Nac3 31.Rec1 Ne4+ 32.Bxe4 fxe4 33.Nb3 Nxe3 34.Kxe3 Rd3+ 35.Kxe4 Rxb3
36.Rc3 Rb2 37.R1c2 Rxc2 38.Rxc2 Rd7 39.g4 Kg7 40.h4 f6  1/2-1/2

[Event "III Open"]
[Site "Calvia ESP"]
[Date "2006.10.23"]
[Round "4"]
[White "Grant,J"]
[Black "Zawadzki,S"]
[Result "1/2-1/2"]
[WhiteElo "2271"]
[BlackElo "2422"]

1.c4 c6 2.Nc3 d5 3.d4 dxc4 4.e4 b5 5.a4 b4 6.Nb1 Ba6 7.Be3 Nf6 8.f3 e5 9.Ne2 Nbd7
10.Nd2 Qa5 11.Qc1 Nb6 12.dxe5 Nfd7 13.Nd4 Nxe5 14.N2b3 cxb3 15.Nxc6 Bxf1
16.Nxa5 Nd3+ 17.Kxf1 Nxc1 18.Bxc1 Be7 19.Ke2 O-O 20.Rd1 Rfc8 21.Nxb3 Rc2+
22.Rd2 Rac8 23.Kd1 R2c7 24.a5 Nc4 25.Rd5 Bf6 26.Rb1 a6 27.Bf4 Rc6 28.e5 g5
29.Nd2 gxf4 30.Nxc4 Rxc4 31.exf6 h6 32.b3 R4c5 33.Rxc5 Rxc5 34.Rc1 Rxa5 35.Rc4 Ra1+
36.Ke2 a5 37.Rxf4 Rb1 38.Rf5 Rb2+ 39.Kf1 Rxb3 40.Rxa5 Kh7 41.Kf2 Kg6 42.Ra6 Rc3
43.g4 b3 44.Rb6 h5 45.h4 hxg4 46.fxg4 Rh3 47.Kg2 Rxh4 48.Kg3  1/2-1/2

[Event "14th Chigorin Mem B"]
[Site "St-Petersburg RUS"]
[Date "2006.10.23"]
[Round "1"]
[White "Platonova,L"]
[Black "Schekoldin,V"]
[Result "1-0"]
[WhiteElo "1947"]
[BlackElo "2200"]

1.c4 c6 2.d4 d5 3.e3 Nf6 4.Nc3 a6 5.Bd3 g6 6.Nf3 Bg7 7.O-O O-O 8.Bd2 Bf5
9.Qe2 Ne4 10.cxd5 cxd5 11.Rac1 Nc6 12.Na4 Re8 13.Nc5 Qb6 14.b3 e5 15.Bxe4 dxe4
16.Nxe5 Nxe5 17.dxe5 Bxe5 18.g4 Bc8 19.Nxe4 Bxg4 20.Qxg4 f5 21.Nf6+ Qxf6
22.Qc4+ Kg7 23.f4 Bb2 24.Bc3 Bxc3 25.Qxc3 Rac8 26.Qxf6+ Kxf6 27.Kf2 Ke6 28.Rfd1 Rxc1
29.Rxc1 Kd6 30.Kf3 Re7 31.Rc2 b5 32.h4 a5 33.h5 gxh5 34.Rh2 Kc5 35.Rxh5 Kb4
36.Rxf5 Rb7 37.Rd5 Ka3 38.Rd2 a4 39.bxa4 bxa4 40.f5 h5 41.e4 Rb1 42.f6 h4
43.f7 Rb8 44.e5 h3 45.e6 Rh8 46.Rh2  1-0

[Event "14th Chigorin Mem B"]
[Site "St-Petersburg RUS"]
[Date "2006.10.24"]
[Round "2"]
[White "Tjolsen,K"]
[Black "Orlov,O2"]
[Result "0-1"]
[WhiteElo "2051"]
[BlackElo "2227"]

1.c4 c6 2.d4 d5 3.Nf3 Nf6 4.Nc3 e6 5.Bg5 Nbd7 6.e3 Be7 7.Rc1 O-O 8.a3 a6
9.c5 h6 10.Bh4 e5 11.dxe5 Ne4 12.Bxe7 Qxe7 13.b4 Nxe5 14.Nxe5 Qxe5 15.Nxe4 Qxe4
16.Qd3 Qg4 17.Qd4 Qg5 18.f3 Bf5 19.Kf2 Rae8 20.Bd3 Bxd3 21.Qxd3 Qh4+ 22.g3 Qh3
23.Qd4 Re6 24.Rcd1 Rfe8 25.Rd3 Rf6 26.Rd2 Qf5 27.Qf4 Qh5 28.g4 Rxf4 29.gxh5 Rf5
30.Rd4 Rxh5 31.a4 Rhe5 32.Rd3 f5 33.b5 axb5 34.axb5 Ra8 35.bxc6 bxc6 36.Rb1 Ra2+
37.Kg3 g5 38.Rb6 Rxe3 39.Rxe3 f4+ 40.Kg4 fxe3 41.Rxc6 d4 42.Re6 Kf7 43.Re4 e2
44.c6 d3 45.c7 Rc2  0-1

[Event "14th Chigorin Mem"]
[Site "St-Petersburg RUS"]
[Date "2006.10.25"]
[Round "3"]
[White "Tihonov,J"]
[Black "Timofeev,An"]
[Result "1-0"]
[WhiteElo "2494"]
[BlackElo "2344"]

1.c4 c6 2.Nf3 d5 3.e3 Nf6 4.Nc3 g6 5.d4 Bg7 6.Be2 O-O 7.O-O Bg4 8.Qb3 Qb6
9.Bd2 Qxb3 10.axb3 Nbd7 11.h3 Bxf3 12.Bxf3 e6 13.g3 Rfd8 14.Bg2 Ne8 15.Rfc1 f5
16.Ne2 Nef6 17.Nf4 Re8 18.Be1 a6 19.Nd3 Rac8 20.Rc2 Re7 21.Rac1 Rce8 22.Bf1 Bh6
23.Rd1 Kh8 24.Ne5 Nxe5 25.dxe5 Nd7 26.f4 Bf8 27.g4 Rf7 28.cxd5 exd5 29.Bc3 Bg7
30.gxf5 gxf5 31.Be2 Re6 32.Bh5 Rf8 33.Rg2 Rh6 34.Kh2 Nc5 35.Rxg7 Ne6 36.Re7 d4
37.Rxd4 Nxd4 38.Bxd4 c5 39.Bc3 Rd8 40.e6+ Kg8 41.Rg7+  1-0

[Event "III Open"]
[Site "Calvia ESP"]
[Date "2006.10.26"]
[Round "7"]
[White "Damljanovic,B"]
[Black "Dziuba,M"]
[Result "1-0"]
[WhiteElo "2595"]
[BlackElo "2535"]

1.c4 c6 2.e4 d5 3.exd5 cxd5 4.cxd5 Nf6 5.Nc3 Nxd5 6.Nf3 Nc6 7.d4 Bg4 8.Qb3 Bxf3
9.gxf3 e6 10.Qxb7 Nxd4 11.Bb5+ Nxb5 12.Qxb5+ Qd7 13.Qxd7+ Kxd7 14.Nxd5 exd5
15.Be3 Bd6 16.O-O-O Bb4 17.a3 Rhc8+ 18.Kb1 Bc5 19.Rhe1 Bxe3 20.Rxe3 Kd6 21.Red3 Rc5
22.b4 Rb5 23.Rd4 a5 24.Kb2 axb4 25.axb4 Re8 26.Kb3 Re2 27.Ka4 Kc6 28.Rc1+ Kb6
29.Rg1 g6 30.h4 Rxf2 31.Rf4 Ka6 32.Rxf7 Rb7 33.Rf4 Rb6 34.Rc1 h6 35.Rc5 Rd6
36.Rc7 d4 37.Rff7 Kb6 38.Rcd7 Rxd7 39.Rxd7 Kc6 40.Rxd4 Rxf3 41.Re4 Rf6 42.Ka5 g5
43.h5 Kd5 44.Re1 g4 45.b5 Rf2 46.Rg1 Ra2+ 47.Kb6 Ra4 48.Kc7 Rc4+ 49.Kb7 Ke5
50.b6 Kf4 51.Ka6 Rb4 52.Rc1 g3 53.b7 g2 54.Rc4+ Rxc4 55.b8=Q+ Kf3 56.Qb3+ Kf2
57.Qxc4 g1=Q 58.Qf4+ Kg2 59.Qxh6 Qa1+ 60.Kb7 Qb2+ 61.Kc6 Qc3+ 62.Kd7 Qd4+
63.Ke8 Qe5+ 64.Kf7 Qf5+ 65.Kg7 Qd7+ 66.Kg8 Kh1 67.Qc1+ Kh2 68.Qc2+ Kh1 69.Qe4+ Kh2
70.h6 Qd8+ 71.Kf7 Qd7+ 72.Kf6 Qd6+ 73.Qe6 Qf4+ 74.Kg6 Qg3+ 75.Kh5 Qf3+ 76.Kg5 Qg3+
77.Qg4 Qe5+ 78.Qf5 Qg3+ 79.Kh5 Qe3 80.h7 Qe1 81.Kg4 Qe2+ 82.Kg5 Qe7+ 83.Kf4 Qh4+
84.Kf3 Qg3+ 85.Ke2 Qh4  1-0

[Event "10th Essent Open"]
[Site "Hoogeveen NED"]
[Date "2006.10.26"]
[Round "7"]
[White "Postny,E"]
[Black "L'Ami,E"]
[Result "1/2-1/2"]
[WhiteElo "2609"]
[BlackElo "2593"]

1.c4 c6 2.e4 e5 3.Nf3 Qa5 4.Nc3 Nf6 5.Be2 Bb4 6.O-O O-O 7.Qc2 d6 8.a3 Bxc3
9.dxc3 Bg4 10.Nh4 Bxe2 11.Qxe2 Qc7 12.Bg5 Ne8 13.Rad1 f6 14.Bc1 c5 15.Nf5 Nc6
16.f4 Ne7 17.Ne3 Qc6 18.Qc2 Nc7 19.f5 Rf7 20.a4 Rd8 21.b4 Nc8 22.b5 Qb6 23.Bd2 Kf8
24.Ra1 a5 25.Rf3 Qa7 26.Rh3 h6 27.Rg3 Nb6 28.Kf1 Ke7 29.Ke2 Rd7 30.Qd3 Qb8
31.Kd1 Qf8 32.Kc2 Kd8 33.Qe2 Kc8 34.Kb3 Kb8 35.Rd1 Ka7 36.Be1 Rfe7 37.Qh5 Qf7
38.Qxf7 Rxf7 39.Bf2 Kb8 40.Nf1 Ne8 41.Rf3 Kc7 42.Ne3 Rf8 43.g4 Rdf7 44.Rg1 Rh8
45.Nf1 Nc8 46.Ng3 Ne7 47.Be3 Rff8 48.Rf2 Rh7 49.Nf1 Kd7 50.Rd2 Kc7 51.Ng3 Rf7
52.Rgd1 Nc8 53.h3 Rh8 54.Nf1 Rh7 55.Nh2 b6 56.Nf3 Rf8 57.Nh4 Ne7 58.Re1 Rhh8
59.Kc2 Kd7 60.Rf2 Rf7 61.Kd3 Kc7 62.Rg1 Kd7 63.Ke2 Rff8 64.Bd2 Kd8 65.Ng2 Rh7
66.Ne3 Kd7 67.Rg3 Kd8 68.Rh2 Kd7 69.Rh1 Kd8 70.Rg2 Kd7 71.Nf1 Kd8 72.Ng3 Kd7
73.Rgh2 Rfh8 74.Kf2 Kd8 75.Kg2 Kd7 76.Be3 Kd8 77.h4 Kd7 78.Rh3 Ng8 79.Nf1 Ne7
80.R1h2 Ng8 81.Nd2 Ke7 82.Nf3 Kd7 83.Rh1 Ke7 84.Nd2 Kd7 85.Nf1 Ne7 86.Rg3 Kd8
87.Rhh3 Kd7 88.Bc1 Kd8 89.Ne3 Kd7 90.Nd1 Kd8 91.Nf2 Kd7 92.Be3 Kd8 93.g5 hxg5
94.hxg5 Rxh3 95.Rxh3 Rxh3 96.Kxh3 Ng8 97.Ng4 Ke7 98.Kh4 Kf7 99.Kh5 Ne7 100.Bd2 Ng8
101.Be3 Ne7 102.Nf2 Ng8 103.Ng4 Ne7 104.Bd2 Ng8 105.Be3  1/2-1/2

[Event "10th Essent Open"]
[Site "Hoogeveen NED"]
[Date "2006.10.26"]
[Round "7"]
[White "Van der Elburg,F"]
[Black "Van Beek,Al"]
[Result "1/2-1/2"]
[WhiteElo "2359"]
[BlackElo "2379"]

1.c4 c6 2.e4 e5 3.Nc3 Nf6 4.d4 Bb4 5.f3 exd4 6.Qxd4 Qe7 7.Bg5 h6 8.Bxf6 Qxf6
9.Qxf6 gxf6 10.Ne2 d6 11.a3 Bc5 12.O-O-O Ke7 13.Nd4 a5 14.Nf5+ Bxf5 15.exf5 Rd8
16.Bd3 d5 17.Rhe1+ Kf8 18.cxd5 cxd5 19.Be4 d4 20.Na4 Bd6 21.Kb1 Bxh2 22.Nc5 Ra7
23.Nxb7 Rd7 24.Nc5 Rd8 25.Nd3 Bd6 26.Rc1 Rc7 27.Rxc7 Bxc7 28.Rc1 Bb6 29.Nf4 Rd6
30.Nd5 Bd8 31.Rc4 Nc6 32.Kc2 Kg7 33.b4 axb4 34.axb4 d3+ 35.Kd2 Ne5 36.Rc8 Bb6
37.Rb8 Ba7 38.Rb7 Ra6 39.Nc3 Bd4 40.Bd5 Rd6 41.Rb5 Bxc3+ 42.Kxc3 Nc6 43.Bb3 d2
44.Bd1 Ne7 45.Ra5 Nd5+ 46.Kxd2 Nxb4+ 47.Ke1  1/2-1/2

[Event "14th Chigorin Mem"]
[Site "St-Petersburg RUS"]
[Date "2006.10.26"]
[Round "5"]
[White "Mihajlovskij,S"]
[Black "Timofeev,An"]
[Result "1-0"]
[WhiteElo "2446"]
[BlackElo "2344"]

1.c4 c6 2.Nf3 d5 3.e3 Nf6 4.Nc3 g6 5.d4 Bg7 6.Be2 O-O 7.O-O e6 8.b4 dxc4
9.Bxc4 Nd5 10.Qb3 Nd7 11.Bd2 b6 12.e4 Nxc3 13.Bxc3 Bb7 14.Rad1 Qc7 15.Rfe1 Rac8
16.Ng5 h6 17.Nf3 b5 18.Bf1 a6 19.e5 Nb6 20.Nd2 Nd5 21.Ne4 Ra8 22.Bd2 Qe7
23.Qh3 Kh7 24.Bg5 f6 25.exf6 Nxf6 26.Nxf6+ Rxf6 27.Bxf6 Qxf6 28.Qxe6 Rd8
29.Qxf6 Bxf6 30.g3 Rd6 31.Re8 a5 32.Rb8 Rd7 33.bxa5 h5 34.d5 Be5 35.d6 Bf6
36.Bh3  1-0

[Event "WYG18"]
[Site "Batumi GEO"]
[Date "2006.10.27"]
[Round "10"]
[White "Franciskovic,B"]
[Black "Yildiz,B"]
[Result "1-0"]
[WhiteElo "2185"]
[BlackElo "2227"]

1.c4 c6 2.g3 Nf6 3.Nf3 d5 4.Bg2 dxc4 5.Qc2 Be6 6.Ng5 Bd5 7.e4 h6 8.exd5 hxg5
9.dxc6 Nxc6 10.Qxc4 Rc8 11.Nc3 Qd7 12.O-O Nd4 13.Qd3 g4 14.Nd5 Nc2 15.Rb1 Rc5
16.b4 Rxd5 17.Bxd5 Nxd5 18.Qxc2 Nc7 19.Qe4 Nd5 20.Bb2 Rh6 21.Rbc1 Rb6 22.a3 g6
23.Rc2 f5 24.Qe5 Rd6 25.Rfc1 Kf7 26.Qh8 Nf6 27.Bxf6  1-0

[Event "III Open"]
[Site "Calvia ESP"]
[Date "2006.10.27"]
[Round "8"]
[White "Grant,J"]
[Black "Aaberg,A"]
[Result "0-1"]
[WhiteElo "2271"]
[BlackElo "2393"]

1.c4 c6 2.Nc3 d5 3.d4 Nf6 4.e3 a6 5.Nf3 b5 6.c5 Bg4 7.Qb3 Nbd7 8.a4 Bxf3
9.gxf3 e5 10.Qa3 Rc8 11.axb5 axb5 12.Qa5 g6 13.Bh3 Rc7 14.Qa8 Bg7 15.Qxd8+ Kxd8
16.dxe5 Nxe5 17.Ke2 Ke7 18.e4 d4 19.Na2 d3+ 20.Kf1 Ra8 21.Kg2 Rca7 22.Bg5 h6
23.Bxf6+ Bxf6 24.f4 Nc4 25.e5 Rxa2 26.exf6+ Kxf6 27.Bd7 Nxb2 28.Bxc6 d2 29.Bf3 Nd3
30.c6 Ne1+ 31.Kg3 R8a3  0-1

[Event "14th Chigorin Mem"]
[Site "St-Petersburg RUS"]
[Date "2006.10.27"]
[Round "6"]
[White "Pankov,Ger"]
[Black "Ponfilenok,V"]
[Result "1/2-1/2"]
[WhiteElo "2341"]
[BlackElo "2411"]

1.c4 c6 2.Nf3 d5 3.d4 Nf6 4.e3 g6 5.Bd3 Bg7 6.O-O O-O 7.Nc3 Bg4 8.h3 Bxf3
9.Qxf3 e6 10.Rd1 Nbd7 11.b3 Re8 12.Bb2 Qe7 13.Qe2 Rad8 14.e4 dxe4 15.Nxe4 Nxe4
16.Bxe4 f5 17.Bc2 c5 18.Qe3 Nb8 19.Rab1 cxd4 20.Bxd4 Bxd4 21.Rxd4 Rxd4 22.Qxd4 Nc6
23.Qc3 Rd8 24.c5 Nd4 25.Bd3 Qf6 26.Rc1 Kf7 27.Bf1 Nc6 28.Qe3 Qd4 29.Qh6 Qg7
30.Qe3 Qd4 31.Qh6 Qg7 32.Qe3  1/2-1/2

[Event "Bundesliga 2006-7"]
[Site "Bindlach GER"]
[Date "2006.10.28"]
[Round "1"]
[White "Poldauf,D"]
[Black "Saltaev,M"]
[Result "0-1"]
[WhiteElo "2417"]
[BlackElo "2500"]

1.c4 c6 2.Nf3 d5 3.g3 Nf6 4.Bg2 dxc4 5.Qc2 Qd5 6.Nc3 Qh5 7.h3 Nbd7 8.g4 Qa5
9.Nd1 Nb6 10.e4 Qa4 11.Qb1 e6 12.Nc3 Qa5 13.O-O Be7 14.b3 O-O 15.Bb2 Nfd7
16.Ne2 Qa6 17.Ng3 Nc5 18.Nh5 f6 19.e5 f5 20.g5 Nd3 21.Bc3 Nd5 22.a4 cxb3
23.Qxb3 Nc5 24.Qa2 Ne4 25.h4 Nexc3 26.dxc3 Nxc3 27.Qd2 Nd5 28.Rfc1 Bb4 29.Qd4 c5
30.Qb2 Qa5 31.Qb3 Bd7 32.Bf1 Bc6 33.Bc4 Kh8 34.Ne1 Bd2 35.Rd1 Bc3 36.Rab1 Rab8
37.Bxd5 Bxd5 38.Rxd5 exd5 39.Qxd5 Qxa4 40.Ng2 Qe4 41.Qa2 Bxe5 42.Re1 Qd4
43.Qe2 Rbe8  0-1

[Event "14th Chigorin Mem"]
[Site "St-Petersburg RUS"]
[Date "2006.10.29"]
[Round "8"]
[White "Ibraev,N"]
[Black "Reshetnikov,A"]
[Result "1/2-1/2"]
[WhiteElo "2494"]
[BlackElo "2365"]

1.c4 c6 2.e4 d5 3.cxd5 cxd5 4.exd5 Nf6 5.Qa4+ Nbd7 6.Nc3 g6 7.Nf3 Bg7 8.Bc4 O-O
9.d3 a6 10.Qa3 b6 11.O-O Bb7 12.Re1 Re8 13.Ng5 b5 14.Bb3 Rc8 15.d6 e6 16.Nge4 Nd5
17.Nxd5 exd5 18.Bg5 Qb6 19.Be3 b4 20.Qa4 Qb5 21.Qxb5 axb5 22.Nc5 Nxc5 23.Bxc5 Rxe1+
24.Rxe1 Rxc5  1/2-1/2

[Event "Petersburg Autumn"]
[Site "St Petersburg RUS"]
[Date "2006.10.31"]
[Round "1"]
[White "Nadjezhdin,D"]
[Black "Smirnov,LG"]
[Result "1-0"]
[WhiteElo "2238"]
[BlackElo "2022"]

1.c4 c6 2.d4 d5 3.Nf3 Nf6 4.e3 Bg4 5.Nc3 e6 6.h3 Bxf3 7.gxf3 dxc4 8.Bxc4 Nbd7
9.f4 Nb6 10.Bd3 g6 11.b3 Nbd5 12.Nxd5 Qxd5 13.O-O Qh5 14.Kg2 Be7 15.Bb2 O-O
16.Be2 Qh4 17.Bf3 Rfd8 18.Qe2 Rd7 19.Kh2 Bd6 20.Rg1 Rad8 21.Rad1 Bb8 22.Ba1 h6
23.Kg2 Kh7 24.Rd3 Rg8 25.Qc2 h5 26.Rh1 Kh6 27.Kf1 Nd5 28.Rd1 f5 29.Ke2 Rdg7
30.Rhg1 Bd6 31.Rg3 Qd8 32.Bc3 Nxc3+ 33.Qxc3 g5 34.Rdg1 g4 35.hxg4 fxg4 36.Be4 Qb6
37.Qc4 Qb5 38.Qxb5 cxb5 39.Rc1 Be7 40.Rgg1 Bd8 41.Rc5 a6 42.Re5 Re8 43.d5 Bf6
44.Rxe6 Rxe6 45.dxe6 Re7 46.Bf5 Rg7 47.Rc1 h4 48.Rc8 Re7 49.Bxg4 Kg6 50.f5+ Kh7
51.f4 b4 52.e4  1-0

[Event "Petersburg Autumn"]
[Site "St Petersburg RUS"]
[Date "2006.11.02"]
[Round "3"]
[White "Chuvakov,N"]
[Black "Smirnov,LG"]
[Result "0-1"]
[WhiteElo "1851"]
[BlackElo "2022"]

1.c4 c6 2.d4 Nf6 3.Nc3 d5 4.e3 Bf5 5.Nf3 e6 6.a3 dxc4 7.Bxc4 Bd6 8.Qe2 Bg4
9.e4 e5 10.Be3 Qe7 11.O-O Nbd7 12.Rfe1 O-O 13.Rac1 a5 14.d5 c5 15.Bg5 h6
16.Bh4 g5 17.Bg3 Nh5 18.Nb1 Nf4 19.Qe3 Rfc8 20.Nfd2 Nb6 21.Bf1 Nh5 22.Nb3 Nd7
23.h3 Nxg3 24.Qxg3 Bh5 25.N3d2 Nb6 26.Nf3 Re8 27.Nh4 Bg6 28.Nxg6 fxg6 29.f3 Nc8
30.Qf2 b6 31.Qg3 Qf6 32.Nc3 h5 33.Bb5 Rf8 34.Bc6 Ra7 35.Nb5 Raf7 36.Rc3 Kg7
37.Rec1 Qe7 38.R3c2 Rf4 39.Nc3 c4 40.Ne2 Bc5+ 41.Kh1 Be3 42.Rd1 h4 43.Qe1 R4f6
44.Rxc4 Nd6 45.Rc2 Qd8 46.Qc3 Bc5 47.b4 Nxe4 48.Qxe5 Nf2+ 49.Kg1 Nxh3+ 50.Kf1 Bd6
51.Qd4 Nf4 52.Nxf4 Bxf4 53.Re1 Kh6 54.Re4 Bg3 55.Rce2 h3 56.gxh3 Rxf3+ 57.Kg2 Bd6
58.Rg4 R3f4 59.Rxf4 gxf4 60.Kf3 Qh4 61.Rf2 Qxh3+ 62.Ke2 f3+ 63.Kd3 Qf5+ 64.Qe4 axb4
65.axb4 g5 66.Qxf5 Rxf5 67.Ke4 Rf4+ 68.Ke3 g4 69.Bd7 Rxb4 70.Kd3 Kg5 71.Rf1 Bc5
72.Be6 Rd4+ 73.Kc3 Rf4 74.Rd1 f2 75.Rf1 Kh4 76.Kd3 Kg3 77.Ke2 Re4+ 78.Kd3 Re1  0-1

[Event "VII Rapid"]
[Site "El Sauzal ESP"]
[Date "2006.11.04"]
[Round "3"]
[White "Rivas Pastor,M"]
[Black "Pinto Henriquez,R"]
[Result "1-0"]
[WhiteElo "2511"]
[BlackElo "2208"]

1.c4 c6 2.d4 d5 3.Nf3 Nf6 4.e3 e6 5.Nbd2 Nbd7 6.Bd3 Bd6 7.O-O O-O 8.e4 Bf4
9.e5 dxc4 10.Nxc4 Nd5 11.Re1 N7b6 12.Nd6 f5 13.g3 Bxc1 14.Rxc1 Rb8 15.Nd2 Bd7
16.Nb3 Nc8 17.Nc5 Nxd6 18.exd6 Rf6 19.Qe2 b6 20.Na6 Rc8 21.Bc4 Be8 22.Qe5 Bf7
23.b4 Qd7 24.b5 Rd8 25.Bxd5 exd5 26.bxc6 Qxd6 27.Qxd6 Rfxd6 28.Re7 Rc8 29.Rxa7 Kf8
30.Nb4 Be8 31.Rb7 Bxc6 32.Rxb6 Ra8 33.Rbxc6 Rd7 34.Rc8+ Rxc8 35.Rxc8+ Ke7
36.Rc1 Ra7 37.Nxd5+  1-0

[Event "TCh-ROM Divizia A Feminin"]
[Site "Predeal ROM"]
[Date "2006.11.04"]
[Round "1"]
[White "Ursente,M"]
[Black "Traistaru,T"]
[Result "1/2-1/2"]
[WhiteElo "2019"]
[BlackElo "2126"]

1.c4 c6 2.g3 d5 3.Bg2 Nf6 4.Nf3 Bg4 5.cxd5 Bxf3 6.Bxf3 cxd5 7.Nc3 e6 8.O-O Nc6
9.d4 Bd6 10.e4 dxe4 11.Nxe4 Be7 12.Nxf6+ Bxf6 13.d5 exd5 14.Re1+ Ne7 15.Qxd5 Qxd5
16.Bxd5 O-O 17.Bxb7 Rab8 18.Be4 Nc8 19.Rb1 Rd8 20.Bf4 Rxb2 21.Rxb2 Bxb2 22.Bc7 Rf8
23.Rb1 Bd4 24.Rd1 Bf6 25.Rd7 g6 26.Bd5 Be7 27.Bb7 Bc5 28.Bd8 Nb6 29.Bxb6 axb6
30.Bd5 Kg7 31.Kg2 Kf6 32.f4 Be7 33.Rb7 Bc5 34.Kf3 h6 35.g4 g5 36.f5 Ke5 37.Bb3 Rd8
38.Rxf7 Rd2 39.Rc7 Rxh2 40.Rc6 Rh3+ 41.Kg2 Rd3 42.Rxh6 Kf4 43.f6 Kxg4 44.f7 Rd2+
45.Kf1 Rf2+ 46.Ke1 Kg3 47.Rg6 g4 48.Be6 Rf4 49.Ke2 Kh4 50.Rxg4+ Rxg4 51.Bxg4 Kxg4
52.a4 Kf5 53.Kd3 Ke6 54.Kc4 Be7 55.Kb5  1/2-1/2

[Event "TCh-AUT 2006-7"]
[Site "Graz AUT"]
[Date "2006.11.05"]
[Round "3"]
[White "Horvath,Jo1"]
[Black "Lehner,O"]
[Result "1-0"]
[WhiteElo "2539"]
[BlackElo "2421"]

1.c4 c6 2.e4 d5 3.exd5 cxd5 4.d4 Nf6 5.Nc3 Nc6 6.Bg5 a6 7.Bxf6 exf6 8.Qe2+ Be7
9.O-O-O O-O 10.Nxd5 Re8 11.Qf3 Bf8 12.Ne2 Be6 13.Nef4 Qa5 14.a3 b5 15.c5 b4
16.Bc4 bxa3 17.Qxa3 Bg4 18.f3 Bf5 19.Qxa5 Nxa5 20.Bd3 Bxd3 21.Rxd3 Red8 22.Rhd1 Ra7
23.Nb6 g6 24.Nfd5 f5 25.Nb4 Rb7 26.Ra3 Rxb6 27.cxb6 Bxb4 28.Ra4  1-0

[Event "Venetian Autumn"]
[Site "Venice ITA"]
[Date "2006.11.05"]
[Round "4"]
[White "Zoldan,M"]
[Black "Rorato,G"]
[Result "1/2-1/2"]
[WhiteElo "2103"]
[BlackElo "2039"]

1.c4 c6 2.e4 d5 3.cxd5 cxd5 4.exd5 Nf6 5.Nc3 Nxd5 6.Nf3 e6 7.Bc4 Be7 8.O-O O-O
9.d4 a6 10.Re1 b5 11.Bxd5 exd5 12.Nxd5 Qxd5 13.Rxe7 Nc6 14.Re1 Bg4 15.Be3 Rad8
16.Rc1  1/2-1/2

[Event "TCh-ROM Divizia A Feminin"]
[Site "Predeal ROM"]
[Date "2006.11.06"]
[Round "3"]
[White "Ursente,M"]
[Black "Sterpu,C"]
[Result "0-1"]
[WhiteElo "2019"]
[BlackElo "2056"]

1.c4 c6 2.g3 d5 3.Bg2 Nf6 4.Nf3 Bg4 5.Ne5 Be6 6.cxd5 Bxd5 7.O-O Bxg2 8.Kxg2 e6
9.Nc3 Bd6 10.Nc4 Bc7 11.a4 O-O 12.Qb3 b6 13.Rd1 e5 14.d4 exd4 15.e3 d3 16.e4 Na6
17.Be3 Ng4 18.Rd2 Nxe3+ 19.Nxe3 Nc5 20.Qc4 a5 21.b4 axb4 22.Qxb4 Be5 23.Ned1 Qd4
24.Qxd4 Bxd4 25.Rb1 Nxa4 26.Rxd3 Nxc3 27.Nxc3 Bc5 28.Rb3 Rfd8 29.Rxd8+ Rxd8
30.Na4 Bd4 31.Rd3 Kf8 32.e5 Ke7 33.Kf3 b5 34.Nc3 Bxe5 35.Re3 f6 36.Ke2 Kf7
37.Ne4 Bd4 38.Rb3 Ke6 39.Rd3 Bb6 40.Nc5+ Kf7 41.Nd7 Bc7 42.f3 Ke7 43.Nc5 Rxd3
44.Kxd3 Kd6 45.Ne4+ Kd5  0-1

[Event "FSIM November"]
[Site "Budapest HUN"]
[Date "2006.11.11"]
[Round "8"]
[White "Szakolczai,P"]
[Black "Okara,A"]
[Result "0-1"]
[WhiteElo "2287"]
[BlackElo "2314"]

1.c4 c6 2.e4 d5 3.exd5 cxd5 4.cxd5 a6 5.Nc3 Nf6 6.Qa4+ Nbd7 7.Nf3 g6 8.d4 Bg7
9.Bg5 O-O 10.Qb3 Nb6 11.Bxf6 Bxf6 12.Be2 e6 13.d6 Bg7 14.Qb4 Nd5 15.Nxd5 exd5
16.O-O Re8 17.Rfe1 Re6 18.Rac1 Rxd6 19.Ne5 Be6 20.Bf3 Qb6 21.Qc5 Bf8 22.Qc3 Rdd8
23.a3 Bh6 24.Qc5 Qxb2 25.Rb1 Qa2 26.Rxb7 Rdc8 27.Qb6 Qd2 28.Rf1 Rc1 29.Qb2 Rc2
30.Qb4 Qxf2+  0-1